Guess the Taylor Swift Song (Speak Now TV) 19 - Statistics

General Stats
  • This quiz has been taken 12 times
  • The average score is 276 of 382
Answer Stats
Answer % Correct
a
100%
I
100%
in
100%
that
100%
That
100%
the
100%
we
100%
When
100%
when
100%
you
100%
you,
100%
your
100%
could
90%
he
90%
her
90%
it
90%
it's
90%
love,
90%
love
90%
she
90%
She
90%
she's
90%
all
80%
and
80%
And
80%
be
80%
did
80%
down
80%
know
80%
know,
80%
me
80%
never
80%
on
80%
this
80%
to
80%
was
80%
would
80%
always
70%
boy
70%
Cause
70%
Emma
70%
eyes
70%
falls
70%
for
70%
his
70%
I'm
70%
just
70%
Like
70%
like
70%
man
70%
of
70%
one
70%
out,
70%
out
70%
so
70%
these
70%
they
70%
up
70%
walk
70%
about
60%
bad
60%
can't
60%
does
60%
go
60%
gonna
60%
good
60%
had
60%
heart
60%
he'll
60%
if
60%
If
60%
LA
60%
Miss
60%
New
60%
Now
60%
only
60%
paces
60%
right
60%
same
60%
she'll
60%
tell
60%
time
60%
truth,
60%
will
60%
wish
60%
with
60%
Yeah,
60%
after
50%
air
50%
alone
50%
away
50%
boys
50%
chance
50%
change
50%
door
50%
face
50%
floor
50%
hand
50%
has
50%
laugh
50%
learning
50%
leave
50%
lose
50%
met
50%
own
50%
place
50%
put
50%
sometimes
50%
years
50%
absolutely
40%
apart,
40%
bears
40%
between
40%
blinds
40%
book
40%
call
40%
calls
40%
Cleopatra
40%
Closes
40%
disappears
40%
fits
40%
grew
40%
Hangs
40%
herself
40%
Jokes
40%
keeps
40%
kind
40%
knows
40%
Little
40%
locks
40%
mom
40%
outer
40%
pain
40%
palm
40%
rain
40%
rains
40%
seein'
40%
shelter
40%
small
40%
space
40%
stars
40%
Sunshine
40%
takes
40%
thinks
40%
town
40%
Turns
40%
unless
40%
waits
40%
way
40%
ways
40%
Well,
40%
whole
40%
won't
40%
world's
40%
wrong
40%
York
40%
No matching quizzes found
Score Distribution
Percent of People with Each Score
Percentile by Number Answered
Your Score History
You have not taken this quiz